| 000 | 00464nam a2200193Ia 4500 | ||
|---|---|---|---|
| 005 | 20250423100917.0 | ||
| 008 | 250422s9999 xx 000 0 und d | ||
| 020 | _a9788123921310 | ||
| 050 | _aRD 37.2 .B43/ | ||
| 100 | _aBhattacharya, S. K. | ||
| 245 | 0 | _aShort cases in surgery | |
| 250 | _a6th ed. | ||
| 260 | _aNew Delhi | ||
| 260 | _bCBS Publishers & Distributors Pvt. Ltd. | ||
| 260 | _c2015 | ||
| 300 | _a342 p | ||
| 650 | _aSurgery | ||
| 942 | _cBK | ||
| 999 |
_c34715 _d34715 |
||